Emotions: (Record no. 210419)

MARC details
000 -LEADER
fixed length control field 00617nam a22002057a 4500
005 - DATE AND TIME OF LATEST TRANSACTION
control field 20250321143855.0
010 ## - LCCN (DPL NO)
LC control number ENG-144181
020 ## - INTERNATIONAL STANDARD BOOK NUMBER
International Standard Book Number 9789381205907
035 ## - SYSTEM CONTROL NUMBER
System control number EN-127713
037 ## - SOURCE OF ACQUISITION
Source of stock number/acquisition DBAD
082 ## - DEWEY DECIMAL CLASSIFICATION NUMBER
Classification number 306.4
Edition number 1
100 ## - MAIN ENTRY--PERSONAL NAME
Personal name Anil sinha(ani)
245 ## - TITLE STATEMENT
Title Emotions:
Remainder of title Nature,animal.human,personal/
Statement of responsibility, etc Author
250 ## - EDITION STATEMENT
Edition statement 1
260 ## - PUBLICATION, DISTRIBUTION, ETC. (IMPRINT)
Place of publication, distribution, etc Kolkata
Date of publication, distribution, etc 2012
270 ## - ADDRESS
Address p-12 Motijheel avenue,block2,1st floor,
City Kolkata
Postal code 700074
Electronic mail address www.Power-Publishers.com
-- www.Flipkart.com
-- www.Crossword.com
300 ## - PHYSICAL DESCRIPTION
Extent 140p
Dimensions 22(pb)
760 ## - MAIN SERIES ENTRY
Edition 1
942 ## - ADDED ENTRY ELEMENTS (KOHA)
Source of classification or shelving scheme Dewey Decimal Classification
Item type English Books
Classification part 306.4
Call number suffix Sin
Edition 1
Call number prefix Sin
Holdings
Withdrawn status Lost status Not for loan Collection code Home library Current library Date acquired Source of acquisition Cost, normal purchase price Full call number Barcode Copy number Cost, replacement price Koha item type
    Not For Loan Non-fiction Patel Nagar Patel Nagar 21/03/2025 DBAD 199.00 306.4 Sin EN-127713 1 199.00 English Books

© Delhi Public Library
Hit Counter
free hit counter